LIBRARY & INFORMATION CENTRE, KCAET, TAVANUR

ONLINE PUBLIC ACCESS CATALOGUE (OPAC)

Face to Face CAT Common Admission Test: | 26 Years Solved Papers 1999-2024 (Record no. 19523)

MARC details
000 -LEADER
fixed length control field 00478nam a22001697a 4500
003 - CONTROL NUMBER IDENTIFIER
control field OSt
008 - FIXED-LENGTH DATA ELEMENTS--GENERAL INFORMATION
fixed length control field 250916b |||||||| |||| 00| 0 eng d
020 ## - INTERNATIONAL STANDARD BOOK NUMBER
ISBN 9 789364 377034
041 ## - LANGUAGE CODE
Language code of text/sound track or separate title eng
082 ## - DEWEY DECIMAL CLASSIFICATION NUMBER
Classification number 658.001
Item number SIJ/FA
100 ## - MAIN ENTRY--AUTHOR NAME
Personal name Sijwali, BS
245 ## - TITLE STATEMENT
Title Face to Face CAT Common Admission Test:
Remainder of title 26 Years Solved Papers 1999-2024
260 ## - PUBLICATION, DISTRIBUTION, ETC. (IMPRINT)
Place of publication New Delhi:
Name of publisher Arihant Publication (India) Ltd,
Year of publication 2024.
300 ## - PHYSICAL DESCRIPTION
Number of Pages 236p.
700 ## - ADDED ENTRY--PERSONAL NAME
Personal name Sijwali, Indu
942 ## - ADDED ENTRY ELEMENTS (KOHA)
Koha item type Books
Holdings
Withdrawn status Lost status Damaged status Home library Current library Shelving location Date acquired Full call number Accession Number Koha item type
      KAUAET KAUAET General Stacks 16/09/2025 658.001 SIJ/FA 26336 Books
free website counter